[Event "Girls U12 Polish Youth Championship"]
[Site "chess24.com"]
[Date "2018.04.29"]
[Round "1"]
[White "Olszewska, Wiktoria"]
[Black "Arciszewska, Zuzanna"]
[Result "1-0"]
[Board "17"]
[WhiteElo "1117"]
[WhiteCountry "POL"]
[WhiteFideId "21836485"]
[WhiteEloChange "15"]
[BlackElo "1302"]
[BlackCountry "POL"]
[BlackFideId "21816549"]
[BlackEloChange "-15"]

1. e4 {[%clk 1:30:58]} e5 {[%clk 1:30:46]} 2. Nf3 {[%clk 1:31:19]} Nc6 {[%clk
1:30:51]} 3. Bb5 {[%clk 1:31:32]} a6 {[%clk 1:30:43]} 4. Ba4 {[%clk 1:31:55]} Nf6
{[%clk 1:29:49]} 5. O-O {[%clk 1:31:33]} Be7 {[%clk 1:29:23]} 6. Re1 {[%clk
1:31:18]} b5 {[%clk 1:29:23]} 7. Bb3 {[%clk 1:31:32]} d6 {[%clk 1:28:12]} 8. c3
{[%clk 1:30:04]} Na5 {[%clk 1:25:58]} 9. Bc2 {[%clk 1:29:25]} c5 {[%clk 1:26:02]}
10. d4 {[%clk 1:28:51]} Nc6 {[%clk 1:25:57]} 11. h3 {[%clk 1:20:58]} O-O {[%clk
1:25:29]} 12. Qd3 {[%clk 1:12:13]} Qc7 {[%clk 1:24:27]} 13. Nbd2 {[%clk 1:09:34]}
cxd4 {[%clk 1:24:07]} 14. a3 {[%clk 0:58:37]} dxc3 {[%clk 1:23:01]} 15. Qxc3
{[%clk 0:58:18]} Be6 {[%clk 1:22:29]} 16. Nf1 {[%clk 0:49:30]} Rac8 {[%clk
1:21:09]} 17. Be3 {[%clk 0:40:46]} Qd7 {[%clk 1:20:55]} 18. Qd2 {[%clk 0:39:44]}
Nh5 {[%clk 1:18:49]} 19. N1h2 {[%clk 0:27:22]} Rfd8 {[%clk 1:11:45]} 20. Rad1
{[%clk 0:24:21]} d5 {[%clk 1:07:38]} 21. Bb6 {[%clk 0:23:03]} dxe4 {[%clk
1:04:25]} 22. Bxd8 {[%clk 0:21:46]} Qxd2 {[%clk 1:03:52]} 23. Nxd2 {[%clk
0:20:26]} Nxd8 {[%clk 1:03:22]} 24. Bxe4 {[%clk 0:17:53]} g6 {[%clk 1:02:44]} 25.
Rc1 {[%clk 0:17:39]} Rxc1 {[%clk 1:01:47]} 26. Rxc1 {[%clk 0:17:56]} Nf4 {[%clk
1:01:50]} 27. Kf1 {[%clk 0:16:57]} Bg5 {[%clk 1:01:52]} 28. Nhf3 {[%clk 0:16:24]}
Bf6 {[%clk 1:00:58]} 29. Rc5 {[%clk 0:15:50]} Bg7 {[%clk 0:58:14]} 30. Nxe5
{[%clk 0:14:53]} f5 {[%clk 0:56:27]} 31. Bf3 {[%clk 0:12:53]} Kf8 {[%clk
0:54:21]} 32. h4 {[%clk 0:10:16]} Bxe5 {[%clk 0:48:24]} 33. Rxe5 {[%clk 0:10:30]}
Nd3 {[%clk 0:48:26]} 34. Re3 {[%clk 0:09:43]} Nxb2 {[%clk 0:48:18]} 35. Nb3
{[%clk 0:08:49]} Nc4 {[%clk 0:47:50]} 36. Rd3 {[%clk 0:08:33]} Ke7 {[%clk
0:46:49]} 37. Nc5 {[%clk 0:08:22]} Ne5 {[%clk 0:45:54]} 38. Rd1 {[%clk 0:06:24]}
Bc4+ {[%clk 0:44:25]} 39. Be2 {[%clk 0:06:23]} a5 {[%clk 0:44:05]} 40. Re1 {[%clk
0:05:40]} Kd6 {[%clk 0:43:36]} 41. Bxc4 {[%clk 0:05:17]} bxc4 {[%clk 0:43:12]}
42. Na4 {[%clk 0:05:02]} Ndc6 {[%clk 0:43:01]} 43. Rd1+ {[%clk 0:04:48]} Ke6
{[%clk 0:42:12]} 44. Nb6 {[%clk 0:04:53]} Na7 {[%clk 0:39:20]} 45. Rc1 {[%clk
0:04:48]} Nb5 {[%clk 0:38:33]} 46. Nxc4 {[%clk 0:05:06]} Nxc4 {[%clk 0:36:21]}
47. Rxc4 {[%clk 0:05:29]} Nxa3 {[%clk 0:36:45]} 48. Ra4 {[%clk 0:05:54]} Nb1
{[%clk 0:36:29]} 49. Rxa5 {[%clk 0:06:18]} Nd2+ {[%clk 0:36:41]} 50. Ke2 {[%clk
0:06:27]} Ne4 {[%clk 0:36:52]} 51. f3 {[%clk 0:06:09]} Nc3+ {[%clk 0:36:20]} 52.
Kd2 {[%clk 0:05:06]} Nd5 {[%clk 0:36:30]} 53. Ra7 {[%clk 0:03:04]} h6 {[%clk
0:34:59]} 54. Ra6+ {[%clk 0:02:45]} Kf7 {[%clk 0:35:12]} 55. g3 {[%clk 0:02:15]}
Kg7 {[%clk 0:34:21]} 56. Rd6 {[%clk 0:02:14]} Nf6 {[%clk 0:34:15]} 57. Ke3 {[%clk
0:02:25]} Kf7 {[%clk 0:33:45]} 58. Kd4 {[%clk 0:01:34]} Nh5 {[%clk 0:33:30]} 59.
g4 {[%clk 0:01:55]} Ng3 {[%clk 0:32:51]} 60. Ke5 {[%clk 0:01:42]} Nf1 {[%clk
0:31:41]} 61. gxf5 {[%clk 0:01:09]} gxf5 {[%clk 0:31:00]} 62. Kxf5 {[%clk
0:00:53]} Ne3+ {[%clk 0:31:11]} 63. Kf4 {[%clk 0:01:01]} Ng2+ {[%clk 0:30:54]}
64. Kg3 {[%clk 0:01:21]} Ne3 {[%clk 0:31:15]} 65. Kf4 {[%clk 0:01:26]} Ng2+
{[%clk 0:31:37]} 66. Kg4 {[%clk 0:01:40]} Ne3+ {[%clk 0:31:49]} 67. Kh5 {[%clk
0:01:47]} Nf5 {[%clk 0:31:41]} 68. Rxh6 {[%clk 0:01:18]} Nd4 {[%clk 0:31:34]} 69.
f4 {[%clk 0:01:33]} Ne2 {[%clk 0:31:41]} 70. Kg5 {[%clk 0:01:38]} Ng3 {[%clk
0:31:50]} 71. Rf6+ {[%clk 0:01:56]} Kg7 {[%clk 0:32:05]} 72. Re6 {[%clk 0:02:09]}
Kf7 {[%clk 0:32:20]} 73. f5 {[%clk 0:02:31]} Nf1 {[%clk 0:32:02]} 74. h5 {[%clk
0:02:51]} Nd2 {[%clk 0:32:20]} 75. h6 {[%clk 0:02:57]} Nf3+ {[%clk 0:32:45]} 76.
Kh5 {[%clk 0:03:18]} Nd4 {[%clk 0:32:45]} 77. Rg6 {[%clk 0:01:42]} Nxf5 {[%clk
0:32:45]} 78. Rg1 {[%clk 0:01:13]} Ke8 {[%clk 0:31:55]} 79. h7 {[%clk 0:01:27]}
Ke7 {[%clk 0:31:53]} 80. h8Q {[%clk 0:01:14]} Ke6 {[%clk 0:32:07]} 81. Re1+
{[%clk 0:01:35]} Kd7 {[%clk 0:32:21]} 82. Qe8+ {[%clk 0:01:47]} Kc7 {[%clk
0:32:36]} 83. Qe5+ {[%clk 0:01:53]} Nd6 {[%clk 0:32:53]} 84. Rd1 {[%clk 0:02:09]}
Kc8 {[%clk 0:33:01]} 85. Qxd6 {[%clk 0:02:25]} Kb7 {[%clk 0:33:13]} 86. Rb1+
{[%clk 0:02:49]} Ka7 {[%clk 0:33:35]} 87. Qa3# {[%clk 0:03:13]} 1-0

[Event "Girls U12 Polish Youth Championship"]
[Site "chess24.com"]
[Date "2018.04.29"]
[Round "1"]
[White "Bar, Klaudia"]
[Black "Wieczorek, Julia"]
[Result "1-0"]
[Board "18"]
[WhiteElo "1295"]
[WhiteCountry "POL"]
[WhiteFideId "21836337"]
[WhiteEloChange "5"]
[BlackElo "1086"]
[BlackCountry "POL"]
[BlackFideId "21853363"]
[BlackEloChange "-5"]

1. e4 {[%clk 1:30:57]} c5 {[%clk 1:30:45]} 2. Nf3 {[%clk 1:30:55]} g6 {[%clk
1:30:41]} 3. d4 {[%clk 1:31:10]} cxd4 {[%clk 1:29:55]} 4. Nxd4 {[%clk 1:31:30]}
Bg7 {[%clk 1:27:28]} 5. c4 {[%clk 1:30:57]} Nc6 {[%clk 1:26:04]} 6. Be3 {[%clk
1:30:46]} e5 {[%clk 1:13:57]} 7. Nb5 {[%clk 1:28:13]} Bf8 {[%clk 1:01:20]} 8.
Nd6+ {[%clk 1:28:02]} Bxd6 {[%clk 1:01:18]} 9. Qxd6 {[%clk 1:27:56]} Qf6 {[%clk
0:59:33]} 10. Qxf6 {[%clk 1:26:58]} Nxf6 {[%clk 0:59:48]} 11. Nc3 {[%clk
1:27:20]} O-O {[%clk 0:59:11]} 12. Bg5 {[%clk 1:25:42]} Nd4 {[%clk 0:56:03]} 13.
Rc1 {[%clk 1:18:46]} Nh5 {[%clk 0:49:01]} 14. Nd5 {[%clk 1:17:47]} Ne6 {[%clk
0:44:28]} 15. Be7 {[%clk 1:17:16]} Re8 {[%clk 0:43:56]} 16. Bd6 {[%clk 1:13:48]}
Kg7 {[%clk 0:40:54]} 17. g4 {[%clk 1:13:11]} Nhf4 {[%clk 0:39:33]} 18. Bxe5+
{[%clk 1:13:28]} f6 {[%clk 0:33:48]} 19. Bxf4 {[%clk 1:13:08]} Nxf4 {[%clk
0:31:53]} 20. Nxf4 {[%clk 1:13:19]} Rxe4+ {[%clk 0:32:13]} 21. Ne2 {[%clk
1:13:30]} d6 {[%clk 0:32:03]} 22. h3 {[%clk 1:13:18]} Bd7 {[%clk 0:31:29]} 23.
Bg2 {[%clk 1:13:31]} Re7 {[%clk 0:31:02]} 24. Rd1 {[%clk 1:11:59]} Rae8 {[%clk
0:30:51]} 25. Rd2 {[%clk 1:11:50]} b5 {[%clk 0:21:48]} 26. cxb5 {[%clk 1:10:54]}
Bxb5 {[%clk 0:22:04]} 27. Bf3 {[%clk 1:10:42]} d5 {[%clk 0:20:54]} 28. Kd1 {[%clk
1:10:41]} Bxe2+ {[%clk 0:13:41]} 29. Rxe2 {[%clk 1:10:50]} Rxe2 {[%clk 0:13:34]}
30. Bxe2 {[%clk 1:11:14]} Kf7 {[%clk 0:12:53]} 31. Kd2 {[%clk 1:11:32]} Ke6
{[%clk 0:12:48]} 32. Rc1 {[%clk 1:11:48]} Kd6 {[%clk 0:12:59]} 33. Bf3 {[%clk
1:11:56]} Rb8 {[%clk 0:12:38]} 34. b3 {[%clk 1:12:05]} Rb4 {[%clk 0:11:45]} 35.
Rc8 {[%clk 1:11:59]} Ke5 {[%clk 0:10:06]} 36. Kc3 {[%clk 1:11:41]} a5 {[%clk
0:08:59]} 37. Rc5 {[%clk 1:11:12]} Rd4 {[%clk 0:07:41]} 38. Rxa5 {[%clk 1:10:09]}
h6 {[%clk 0:05:10]} 39. Rc5 {[%clk 1:09:53]} f5 {[%clk 0:04:11]} 40. b4 {[%clk
1:09:52]} fxg4 {[%clk 0:04:19]} 41. hxg4 {[%clk 1:09:56]} h5 {[%clk 0:04:06]} 42.
gxh5 {[%clk 1:10:12]} gxh5 {[%clk 0:04:26]} 43. Bxh5 {[%clk 1:10:19]} Rf4 {[%clk
0:03:36]} 44. f3 {[%clk 1:10:29]} Kd6 {[%clk 0:02:38]} 45. a4 {[%clk 1:10:45]}
d4+ {[%clk 0:02:59]} 46. Kd3 {[%clk 1:10:44]} Rf8 {[%clk 0:02:44]} 47. Kxd4
{[%clk 1:10:48]} Rf4+ {[%clk 0:02:25]} 48. Kc3 {[%clk 1:11:08]} Rh4 {[%clk
0:01:56]} 49. a5 {[%clk 1:11:21]} Rf4 {[%clk 0:02:19]} 50. Rc8 {[%clk 1:11:04]}
Kd7 {[%clk 0:02:04]} 51. Bg4+ {[%clk 1:11:20]} Rxg4 {[%clk 0:02:00]} 52. fxg4
{[%clk 1:11:45]} Kxc8 {[%clk 0:02:10]} 53. g5 {[%clk 1:12:11]} Kd7 {[%clk
0:01:46]} 54. a6 {[%clk 1:12:34]} Ke6 {[%clk 0:02:03]} 55. a7 {[%clk 1:12:55]}
Kf5 {[%clk 0:02:12]} 56. a8Q {[%clk 1:13:12]} Kxg5 {[%clk 0:02:32]} 57. Qf8
{[%clk 1:13:35]} Kg4 {[%clk 0:02:44]} 58. Qf6 {[%clk 1:13:54]} Kg3 {[%clk
0:02:42]} 59. Qf5 {[%clk 1:14:14]} Kg2 {[%clk 0:02:58]} 60. Qf4 {[%clk 1:14:31]}
Kg1 {[%clk 0:03:08]} 61. Qf3 {[%clk 1:13:47]} Kh2 {[%clk 0:03:22]} 62. Qg4 {[%clk
1:14:11]} Kh1 {[%clk 0:03:30]} 63. Kd3 {[%clk 1:14:37]} Kh2 {[%clk 0:03:35]} 64.
Ke3 {[%clk 1:14:56]} Kh1 {[%clk 0:03:56]} 65. Kf2 {[%clk 1:15:21]} Kh2 {[%clk
0:04:12]} 66. Qh4# {[%clk 1:15:42]} 1-0

[Event "Girls U12 Polish Youth Championship"]
[Site "chess24.com"]
[Date "2018.04.29"]
[Round "1"]
[White "Karys, Katarzyna"]
[Black "Palejko, Maria"]
[Result "0-1"]
[Board "19"]
[WhiteElo "1084"]
[WhiteCountry "POL"]
[WhiteFideId "21834253"]
[WhiteEloChange "-5"]
[BlackElo "1294"]
[BlackCountry "POL"]
[BlackFideId "21838208"]
[BlackEloChange "5"]

1. e4 {[%clk 1:30:55]} c5 {[%clk 1:30:53]} 2. Nf3 {[%clk 1:31:18]} Nc6 {[%clk
1:31:10]} 3. d4 {[%clk 1:31:42]} cxd4 {[%clk 1:31:33]} 4. Nxd4 {[%clk 1:32:07]}
e6 {[%clk 1:31:46]} 5. Bc4 {[%clk 1:32:12]} Qc7 {[%clk 1:31:25]} 6. Bb3 {[%clk
1:31:57]} a6 {[%clk 1:31:04]} 7. Be3 {[%clk 1:31:37]} Nf6 {[%clk 1:30:13]} 8. Nc3
{[%clk 1:31:10]} b5 {[%clk 1:29:25]} 9. a3 {[%clk 1:30:35]} Bb7 {[%clk 1:28:49]}
10. O-O {[%clk 1:28:46]} Bd6 {[%clk 1:20:30]} 11. Nf3 {[%clk 1:27:51]} Ne5 {[%clk
1:16:53]} 12. h3 {[%clk 1:24:16]} Nxe4 {[%clk 1:07:18]} 13. Nxe4 {[%clk 1:24:11]}
Bxe4 {[%clk 1:06:25]} 14. Nxe5 {[%clk 1:24:06]} Bxe5 {[%clk 1:06:21]} 15. Qg4
{[%clk 1:23:27]} Bf5 {[%clk 1:04:37]} 16. Qb4 {[%clk 1:22:39]} Bxb2 {[%clk
1:02:05]} 17. Rab1 {[%clk 1:21:54]} Bc3 {[%clk 1:02:00]} 18. Qf4 {[%clk 1:21:05]}
Qxf4 {[%clk 1:01:48]} 19. Bxf4 {[%clk 1:21:08]} O-O {[%clk 1:01:51]} 20. a4
{[%clk 1:20:38]} b4 {[%clk 1:00:47]} 21. a5 {[%clk 1:20:25]} Ra7 {[%clk 0:49:07]}
22. Ba4 {[%clk 1:20:14]} Rb7 {[%clk 0:46:02]} 23. Rfd1 {[%clk 1:19:35]} e5 {[%clk
0:45:13]} 24. Be3 {[%clk 1:18:19]} Be6 {[%clk 0:44:16]} 25. Bc5 {[%clk 1:16:01]}
Rc8 {[%clk 0:43:03]} 26. Bb6 {[%clk 1:14:45]} Ba2 {[%clk 0:39:35]} 27. Rbc1
{[%clk 1:14:07]} Bb2 {[%clk 0:21:44]} 28. Bxd7 {[%clk 1:14:18]} Rxd7 {[%clk
0:21:20]} 29. Rxd7 {[%clk 1:14:01]} Bxc1 {[%clk 0:21:40]} 30. Bc5 {[%clk
1:12:53]} g6 {[%clk 0:21:19]} 31. Bxb4 {[%clk 1:13:04]} Rxc2 {[%clk 0:20:40]} 32.
Be7 {[%clk 1:11:36]} Kg7 {[%clk 0:20:25]} 33. Ra7 {[%clk 1:11:43]} Bf4 {[%clk
0:20:08]} 34. g3 {[%clk 1:10:56]} Rc1+ {[%clk 0:20:30]} 35. Kh2 {[%clk 1:10:27]}
Bd5 {[%clk 0:17:00]} 36. gxf4 {[%clk 1:10:09]} exf4 {[%clk 0:17:15]} 37. f3
{[%clk 1:09:02]} Bxf3 {[%clk 0:17:36]} 38. h4 {[%clk 1:09:13]} Rh1# {[%clk
0:17:56]} 0-1

[Event "Girls U12 Polish Youth Championship"]
[Site "chess24.com"]
[Date "2018.04.29"]
[Round "1"]
[White "Dallemura, Anna"]
[Black "Romejko, Jagoda"]
[Result "0-1"]
[Board "20"]
[WhiteElo "1268"]
[WhiteCountry "POL"]
[WhiteFideId "21823022"]
[WhiteEloChange "-15"]
[BlackElo "1083"]
[BlackCountry "POL"]
[BlackFideId "21836523"]
[BlackEloChange "15"]

1. e4 {[%clk 1:30:58]} e5 {[%clk 1:30:43]} 2. Nf3 {[%clk 1:31:14]} Nc6 {[%clk
1:30:48]} 3. Bb5 {[%clk 1:31:14]} a6 {[%clk 1:30:31]} 4. Ba4 {[%clk 1:31:27]} Nf6
{[%clk 1:30:29]} 5. O-O {[%clk 1:31:26]} Be7 {[%clk 1:29:21]} 6. d3 {[%clk
1:29:59]} b5 {[%clk 1:27:55]} 7. Bb3 {[%clk 1:30:12]} d6 {[%clk 1:27:33]} 8. c3
{[%clk 1:29:55]} Na5 {[%clk 1:24:09]} 9. Bc2 {[%clk 1:29:23]} c5 {[%clk 1:23:27]}
10. h3 {[%clk 1:28:42]} O-O {[%clk 1:14:01]} 11. d4 {[%clk 1:26:23]} Qc7 {[%clk
1:13:38]} 12. Nbd2 {[%clk 1:23:13]} Bb7 {[%clk 1:09:58]} 13. d5 {[%clk 1:22:46]}
Rfe8 {[%clk 1:05:40]} 14. Re1 {[%clk 1:20:30]} Rac8 {[%clk 1:04:10]} 15. Rb1
{[%clk 1:11:53]} h6 {[%clk 0:52:52]} 16. b3 {[%clk 1:06:53]} Ba8 {[%clk 0:35:16]}
17. Qe2 {[%clk 0:59:35]} c4 {[%clk 0:32:09]} 18. b4 {[%clk 0:57:37]} Nb7 {[%clk
0:32:12]} 19. a4 {[%clk 0:57:10]} Nh5 {[%clk 0:25:43]} 20. Nf1 {[%clk 0:54:00]}
Nf4 {[%clk 0:24:51]} 21. Bxf4 {[%clk 0:50:42]} exf4 {[%clk 0:25:13]} 22. Qd2
{[%clk 0:42:22]} Bf6 {[%clk 0:18:05]} 23. axb5 {[%clk 0:36:04]} axb5 {[%clk
0:18:12]} 24. Ra1 {[%clk 0:35:30]} Qb6 {[%clk 0:16:19]} 25. Ra3 {[%clk 0:34:06]}
Be5 {[%clk 0:15:55]} 26. Nxe5 {[%clk 0:33:47]} dxe5 {[%clk 0:16:11]} 27. Rea1
{[%clk 0:32:54]} Rcd8 {[%clk 0:13:34]} 28. Ra6 {[%clk 0:29:40]} Qc7 {[%clk
0:12:43]} 29. Bb1 {[%clk 0:20:42]} Nd6 {[%clk 0:11:32]} 30. Qa2 {[%clk 0:19:52]}
Bb7 {[%clk 0:11:05]} 31. Ra7 {[%clk 0:16:07]} Nc8 {[%clk 0:10:52]} 32. Qa5 {[%clk
0:12:11]} Qd7 {[%clk 0:09:47]} 33. Rxb7 {[%clk 0:03:37]} Qxb7 {[%clk 0:10:08]}
34. g3 {[%clk 0:02:27]} Nd6 {[%clk 0:09:34]} 35. Qa2 {[%clk 0:00:42]} Ra8 {[%clk
0:09:00]} 36. Qb2 {[%clk 0:01:08]} Rxa1 {[%clk 0:09:21]} 37. Qxa1 {[%clk
0:01:36]} f5 {[%clk 0:07:31]} 38. f3 {[%clk 0:01:22]} fxe4 {[%clk 0:06:13]} 39.
fxe4 {[%clk 0:01:05]} fxg3 {[%clk 0:06:26]} 40. Nxg3 {[%clk 0:01:06]} Qb6+ {[%clk
0:06:43]} 41. Kg2 {[%clk 0:01:11]} Rf8 {[%clk 0:06:26]} 42. Qa2 {[%clk 0:00:47]}
Qd8 {[%clk 0:04:47]} 43. Qc2 {[%clk 0:00:34]} Qg5 {[%clk 0:04:44]} 44. Qe2 {[%clk
0:00:43]} h5 {[%clk 0:04:23]} 45. Qxh5 {[%clk 0:00:36]} Qd2+ {[%clk 0:03:43]} 46.
Ne2 {[%clk 0:00:36]} Qe1 {[%clk 0:01:38]} 47. Ng1 {[%clk 0:00:33]} Rf2+ {[%clk
0:01:24]} 48. Kh1 {[%clk 0:00:53]} Qd2 {[%clk 0:01:11]} 49. Qxe5 {[%clk 0:00:33]}
Rf1 {[%clk 0:00:34]} 50. Qe6+ {[%clk 0:00:38]} Nf7 {[%clk 0:00:42]} 51. Qe8+
{[%clk 0:00:49]} Kh7 {[%clk 0:01:06]} 52. e5+ {[%clk 0:00:43]} Rxb1 {[%clk
0:01:27]} 53. Qxf7 {[%clk 0:00:56]} Rb2 {[%clk 0:01:15]} 54. Qf5+ {[%clk
0:00:53]} Kh6 {[%clk 0:01:16]} 55. Qe6+ {[%clk 0:00:37]} g6 {[%clk 0:01:23]} 56.
Ne2 {[%clk 0:00:35]} Rb1+ {[%clk 0:01:40]} 57. Ng1 {[%clk 0:00:51]} Rb2 {[%clk
0:01:54]} 58. Ne2 {[%clk 0:00:38]} Qe1+ {[%clk 0:02:15]} 59. Kg2 {[%clk 0:00:32]}
Rxe2+ {[%clk 0:02:26]} 60. Kf3 {[%clk 0:00:47]} Rf2+ {[%clk 0:02:43]} 61. Kg4
{[%clk 0:00:53]} Qg1+ {[%clk 0:02:51]} 62. Kh4 {[%clk 0:00:58]} Qg5# {[%clk
0:03:08]} 0-1

[Event "Girls U12 Polish Youth Championship"]
[Site "chess24.com"]
[Date "2018.04.29"]
[Round "1"]
[White "Walendykiewicz, Martyna"]
[Black "Kowalczyk, Barbara"]
[Result "1/2-1/2"]
[Board "21"]
[WhiteElo "1071"]
[WhiteCountry "POL"]
[WhiteFideId "21832927"]
[WhiteEloChange "5"]
[BlackElo "1261"]
[BlackCountry "POL"]
[BlackFideId "21837317"]
[BlackEloChange "-5"]

1. e4 {[%clk 1:30:57]} e5 {[%clk 1:30:51]} 2. Nf3 {[%clk 1:31:21]} Nc6 {[%clk
1:31:16]} 3. Bb5 {[%clk 1:31:41]} a6 {[%clk 1:31:40]} 4. Ba4 {[%clk 1:32:04]} Nf6
{[%clk 1:32:04]} 5. d3 {[%clk 1:32:19]} d6 {[%clk 1:23:28]} 6. Bg5 {[%clk
1:32:02]} Be7 {[%clk 1:23:43]} 7. Nbd2 {[%clk 1:31:52]} h6 {[%clk 1:20:50]} 8.
Bh4 {[%clk 1:31:24]} Bd7 {[%clk 1:16:33]} 9. c3 {[%clk 1:30:41]} b5 {[%clk
1:14:58]} 10. Bc2 {[%clk 1:30:02]} Bg4 {[%clk 1:13:05]} 11. h3 {[%clk 1:29:18]}
Bh5 {[%clk 1:13:28]} 12. Bg3 {[%clk 1:20:18]} O-O {[%clk 1:08:28]} 13. Qc1 {[%clk
1:18:42]} Bg6 {[%clk 1:05:20]} 14. O-O {[%clk 1:18:32]} Nh5 {[%clk 1:01:30]} 15.
Bh2 {[%clk 1:17:38]} Re8 {[%clk 1:00:28]} 16. Re1 {[%clk 1:16:55]} Bf8 {[%clk
0:59:45]} 17. Nf1 {[%clk 1:16:39]} d5 {[%clk 0:59:44]} 18. Qd1 {[%clk 1:12:41]}
Nf4 {[%clk 0:39:03]} 19. Qc1 {[%clk 1:10:49]} dxe4 {[%clk 0:37:05]} 20. dxe4
{[%clk 1:10:24]} Nd3 {[%clk 0:36:36]} 21. Bxd3 {[%clk 1:09:58]} Qxd3 {[%clk
0:36:47]} 22. Re3 {[%clk 1:08:16]} Qd7 {[%clk 0:32:17]} 23. Ng3 {[%clk 1:05:41]}
Bc5 {[%clk 0:32:27]} 24. Re1 {[%clk 1:05:28]} Rad8 {[%clk 0:31:31]} 25. Rd1
{[%clk 1:04:37]} Qe6 {[%clk 0:31:05]} 26. b4 {[%clk 0:55:22]} Bb6 {[%clk
0:29:24]} 27. Qb2 {[%clk 0:52:32]} Qc4 {[%clk 0:27:25]} 28. Re1 {[%clk 0:51:54]}
a5 {[%clk 0:23:48]} 29. a3 {[%clk 0:51:40]} axb4 {[%clk 0:23:58]} 30. axb4 {[%clk
0:51:20]} Ra8 {[%clk 0:23:53]} 31. Qe2 {[%clk 0:41:14]} Rxa1 {[%clk 0:23:03]} 32.
Rxa1 {[%clk 0:40:48]} Qxc3 {[%clk 0:23:09]} 33. Rb1 {[%clk 0:40:05]} Na7 {[%clk
0:20:29]} 34. Qb2 {[%clk 0:34:19]} Bd4 {[%clk 0:17:25]} 35. Nxd4 {[%clk 0:33:47]}
Qxd4 {[%clk 0:17:31]} 36. Qxd4 {[%clk 0:33:33]} exd4 {[%clk 0:17:50]} 37. Rd1
{[%clk 0:33:24]} Nc6 {[%clk 0:18:12]} 38. f3 {[%clk 0:32:13]} Rd8 {[%clk
0:17:58]} 39. Ne2 {[%clk 0:31:01]} Rd7 {[%clk 0:17:57]} 40. Rc1 {[%clk 0:28:57]}
d3 {[%clk 0:18:05]} 41. Rxc6 {[%clk 0:26:26]} d2 {[%clk 0:16:56]} 42. Nc3 {[%clk
0:26:33]} d1Q+ {[%clk 0:16:39]} 43. Nxd1 {[%clk 0:26:58]} Rxd1+ {[%clk 0:16:50]}
44. Kf2 {[%clk 0:27:18]} Rb1 {[%clk 0:17:09]} 45. Rxc7 {[%clk 0:27:05]} Rxb4
{[%clk 0:17:21]} 46. Rb7 {[%clk 0:27:05]} Rb2+ {[%clk 0:17:21]} 47. Kg3 {[%clk
0:27:05]} b4 {[%clk 0:15:54]} 48. Bg1 {[%clk 0:27:22]} b3 {[%clk 0:15:40]} 49.
Rb4 {[%clk 0:26:44]} f6 {[%clk 0:14:41]} 50. Bd4 {[%clk 0:26:21]} Rb1 {[%clk
0:14:35]} 51. Rb7 {[%clk 0:26:00]} Bf7 {[%clk 0:14:52]} 52. Kf2 {[%clk 0:25:31]}
Rd1 {[%clk 0:15:05]} 53. Ke3 {[%clk 0:25:19]} Rg1 {[%clk 0:15:06]} 54. g4 {[%clk
0:25:16]} Re1+ {[%clk 0:15:02]} 55. Kd2 {[%clk 0:25:21]} Rb1 {[%clk 0:14:55]} 56.
e5 {[%clk 0:23:09]} fxe5 {[%clk 0:14:59]} 57. Bxe5 {[%clk 0:23:33]} Rg1 {[%clk
0:15:09]} 58. h4 {[%clk 0:22:56]} Rg2+ {[%clk 0:14:45]} 59. Ke3 {[%clk 0:22:44]}
Rg1 {[%clk 0:14:58]} 60. Kf4 {[%clk 0:22:17]} Rg2 {[%clk 0:14:02]} 61. Kf5 {[%clk
0:20:52]} Rg1 {[%clk 0:13:51]} 62. f4 {[%clk 0:18:51]} Rg2 {[%clk 0:14:06]} 63.
h5 {[%clk 0:17:01]} Rg1 {[%clk 0:14:10]} 64. Rb8+ {[%clk 0:13:47]} Kh7 {[%clk
0:14:13]} 65. Rb6 {[%clk 0:12:49]} Rg2 {[%clk 0:13:32]} 66. Rb5 {[%clk 0:12:02]}
Rg1 {[%clk 0:13:48]} 67. Rb6 {[%clk 0:11:51]} Rg2 {[%clk 0:14:12]} 68. Rb7 {[%clk
0:11:27]} Kg8 {[%clk 0:14:33]} 69. g5 {[%clk 0:10:30]} hxg5 {[%clk 0:14:57]} 70.
fxg5 {[%clk 0:10:51]} Rf2+ {[%clk 0:14:39]} 71. Ke4 {[%clk 0:10:37]} Bxh5 {[%clk
0:14:36]} 72. Rxg7+ {[%clk 0:10:44]} Kf8 {[%clk 0:14:45]} 73. Rc7 {[%clk
0:07:56]} Bg6+ {[%clk 0:14:13]} 74. Ke3 {[%clk 0:07:46]} Rf1 {[%clk 0:11:34]} 75.
Rc6 {[%clk 0:07:12]} Be8 {[%clk 0:10:51]} 76. Rf6+ {[%clk 0:06:56]} Rxf6 {[%clk
0:11:04]} 77. Bxf6 {[%clk 0:07:21]} Kf7 {[%clk 0:10:45]} 78. Kd3 {[%clk 0:07:35]}
Kg6 {[%clk 0:10:45]} 79. Kc3 {[%clk 0:07:40]} Bf7 {[%clk 0:11:10]} 80. Kb2 {[%clk
0:07:46]} Bg8 {[%clk 0:11:25]} 81. Bd8 {[%clk 0:07:52]} Bf7 {[%clk 0:11:39]} 82.
Bf6 {[%clk 0:08:10]} 1/2-1/2

[Event "Girls U12 Polish Youth Championship"]
[Site "chess24.com"]
[Date "2018.04.29"]
[Round "1"]
[White "Szopa, Emilia"]
[Black "Golinska, Patrycja"]
[Result "1-0"]
[Board "22"]
[WhiteElo "1261"]
[WhiteCountry "POL"]
[WhiteFideId "21858853"]
[WhiteEloChange "5"]
[BlackElo "1056"]
[BlackCountry "POL"]
[BlackFideId "21836744"]
[BlackEloChange "-5"]

1. e4 {[%clk 1:30:53]} e5 {[%clk 1:30:55]} 2. Nf3 {[%clk 1:31:05]} Nc6 {[%clk
1:31:15]} 3. Bc4 {[%clk 1:31:09]} Nf6 {[%clk 1:31:24]} 4. d3 {[%clk 1:31:09]} Bc5
{[%clk 1:31:20]} 5. O-O {[%clk 1:30:55]} a6 {[%clk 1:31:13]} 6. Bb3 {[%clk
1:30:34]} Ba7 {[%clk 1:30:49]} 7. c3 {[%clk 1:30:26]} d6 {[%clk 1:30:56]} 8. Re1
{[%clk 1:30:20]} O-O {[%clk 1:31:10]} 9. Nbd2 {[%clk 1:29:54]} Ne7 {[%clk
1:31:01]} 10. Nf1 {[%clk 1:30:00]} Ng6 {[%clk 1:31:07]} 11. Ng3 {[%clk 1:30:10]}
d5 {[%clk 1:29:27]} 12. exd5 {[%clk 1:30:10]} Nxd5 {[%clk 1:29:27]} 13. Nxe5
{[%clk 1:30:10]} Nxe5 {[%clk 1:29:27]} 14. Rxe5 {[%clk 1:30:10]} Bxf2+ {[%clk
1:29:02]} 15. Kxf2 {[%clk 1:28:37]} Qf6+ {[%clk 1:29:17]} 16. Qf3 {[%clk
1:28:13]} Qxe5 {[%clk 1:28:14]} 17. Bxd5 {[%clk 1:28:13]} c6 {[%clk 1:28:14]} 18.
Bb3 {[%clk 1:28:13]} Be6 {[%clk 1:28:14]} 19. Bc2 {[%clk 1:28:13]} Rfe8 {[%clk
1:28:14]} 20. Bf4 {[%clk 1:28:13]} Qf6 {[%clk 1:28:14]} 21. Ne4 {[%clk 1:18:40]}
Qg6 {[%clk 1:26:21]} 22. Qg3 {[%clk 1:14:01]} Qxg3+ {[%clk 1:24:19]} 23. Bxg3
{[%clk 1:12:01]} Bg4 {[%clk 1:23:54]} 24. Re1 {[%clk 1:08:41]} Re6 {[%clk
1:23:27]} 25. Bb3 {[%clk 1:08:02]} Re7 {[%clk 1:23:14]} 26. Nd6 {[%clk 1:06:21]}
Rxe1 {[%clk 1:22:36]} 27. Kxe1 {[%clk 1:06:06]} Rd8 {[%clk 1:22:27]} 28. Nxf7
{[%clk 1:04:37]} Re8+ {[%clk 1:22:07]} 29. Kd2 {[%clk 1:02:52]} Be6 {[%clk
1:21:34]} 30. Nd6 {[%clk 1:02:52]} Re7 {[%clk 1:21:34]} 31. Bh4 {[%clk 1:02:52]}
Rd7 {[%clk 1:21:34]} 32. Bxe6+ {[%clk 1:02:52]} Kf8 {[%clk 1:21:34]} 33. Bxd7
{[%clk 1:02:52]} h6 {[%clk 1:21:34]} 34. Nxb7 {[%clk 1:02:52]} g5 {[%clk
1:21:34]} 35. Bg3 {[%clk 1:02:52]} c5 {[%clk 1:21:34]} 36. Bd6+ {[%clk 1:02:52]}
Kf7 {[%clk 1:21:34]} 37. Bxc5 {[%clk 1:02:52]} Kf6 {[%clk 1:21:34]} 38. Bd6
{[%clk 1:02:52]} Kg6 {[%clk 1:21:34]} 39. c4 {[%clk 1:02:52]} Kg7 {[%clk
1:21:34]} 40. c5 {[%clk 1:02:52]} Kf6 {[%clk 1:21:34]} 41. c6 {[%clk 1:02:52]}
Kg7 {[%clk 1:21:34]} 42. c7 {[%clk 1:02:52]} Kf7 {[%clk 1:21:34]} 43. c8Q {[%clk
1:02:52]} Kf6 {[%clk 1:21:34]} 44. Qf8+ {[%clk 1:02:52]} Kg6 {[%clk 1:21:34]} 45.
Bf5+ {[%clk 1:02:52]} Kh5 {[%clk 1:21:34]} 46. Qf7+ {[%clk 1:02:52]} 1-0